Online
Catalog
Normal view MARC view

Entry Nombre personal

Number of records used in: 72

001 - NÚMERO DE CONTROL

  • campo de control: 76863

003 - IDENTIFICADOR DEL NÚMERO DE CONTROL

  • campo de control: BNPHU

005 - FECHA Y HORA DE LA ÚLTIMA TRANSACCIÓN

  • campo de control: 20240228090229.0

008 - DATOS DE LONGITUD FIJA

  • campo de control de longitud fija: 201013|| aca||aabn | a|a d

040 ## - FUENTE DE LA CATALOGACIÓN

  • Centro catalogador/agencia de origen: DO-SdBNP
  • Lengua de catalogación: spa
  • Centro/agencia transcriptor: BNPHU
  • Normas de descripción: rda

100 1# - ENCABEZAMIENTO-NOMBRE DE PERSONA

  • Nombre de persona: Subero Isa, Jorge A.,
  • Fechas asociadas al nombre: 1947-

370 ## - LUGAR ASOCIADO

  • Lugar de nacimiento: San José de Ocoa (República Dominicana)

374 ## - OCUPACIÓN

  • Ocupación: Abogado
  • Ocupación: Profesor

375 ## - GÉNERO/SEXO

  • Género/Sexo: Masculino

377 ## - LENGUA/LENGUAJE ASOCIADO

  • Código del idioma: spa

400 1# - TRAZADO DE VÉASE--NOMBRE DE PERSONA

  • Nombre de persona: Isa, Jorge A. Subero,
  • Fechas asociadas al nombre: 1947-

670 ## - FUENTE DE DATOS ENCONTRADOS

  • Cita de la fuente: Subero Isa, Jorge A. 1947-, 4 años de jurisprudencia analítica dominicana 1985-1988 / , 1993

Powered by Koha